<?xml version="1.0" encoding="UTF-8"?>
<record
    xmlns:xsi="http://www.w3.org/2001/XMLSchema-instance"
    xsi:schemaLocation="http://www.loc.gov/MARC21/slim http://www.loc.gov/standards/marcxml/schema/MARC21slim.xsd"
    xmlns="http://www.loc.gov/MARC21/slim">

  <leader>01704nam a22002657a 4500</leader>
  <controlfield tag="003">DO-SdBJH</controlfield>
  <controlfield tag="005">20250618193819.0</controlfield>
  <controlfield tag="008">250618b2024    dr do||| |||| 00| 0 spa d</controlfield>
  <datafield tag="040" ind1=" " ind2=" ">
    <subfield code="a">DO-SdBJH</subfield>
    <subfield code="b">spa</subfield>
    <subfield code="c">DO-SdBJH</subfield>
  </datafield>
  <datafield tag="041" ind1="0" ind2=" ">
    <subfield code="a">spa</subfield>
  </datafield>
  <datafield tag="090" ind1=" " ind2=" ">
    <subfield code="a">TG EGAEE</subfield>
    <subfield code="b">02396 2024</subfield>
  </datafield>
  <datafield tag="100" ind1="1" ind2=" ">
    <subfield code="a">Mercedes Heredia, Casilda Ebymar</subfield>
    <subfield code="e">sustentante</subfield>
  </datafield>
  <datafield tag="245" ind1="1" ind2="3">
    <subfield code="a">La Cadena de suministro y su incidencia en la seguridad alimentaria en el Distrito Nacional :</subfield>
    <subfield code="b">per&#xED;odo 2021-2023 /</subfield>
    <subfield code="c">Casilda Ebymar Mercedes Heredia, Henry Lara Ma&#xF1;&#xF3;n ; asesor de contenido Manuel E. Gonz&#xE1;lez Tejera ; asesor metodol&#xF3;gico Domingo M&#xE9;ndez Medina.</subfield>
  </datafield>
  <datafield tag="260" ind1=" " ind2=" ">
    <subfield code="a">Santo Domingo, Rep&#xFA;blica Dominicana :</subfield>
    <subfield code="b">UNADE,</subfield>
    <subfield code="c">2024.</subfield>
  </datafield>
  <datafield tag="300" ind1=" " ind2=" ">
    <subfield code="a">xv, 138 p&#xE1;ginas :</subfield>
    <subfield code="b">gr&#xE1;ficas, fotograf&#xED;as.</subfield>
  </datafield>
  <datafield tag="500" ind1=" " ind2=" ">
    <subfield code="a">Incluye ap&#xE9;ndices y glosario.</subfield>
  </datafield>
  <datafield tag="502" ind1=" " ind2=" ">
    <subfield code="a">Tesis y trabajo de grado (Maestr&#xED;a en Seguridad y Defensa Nacional) -- Universidad Nacional para la Defensa "General Juan Pablo Duarte y D&#xED;ez", 2024.</subfield>
  </datafield>
  <datafield tag="504" ind1=" " ind2=" ">
    <subfield code="a">Incluye referencias bibliogr&#xE1;ficas y anexos. </subfield>
  </datafield>
  <datafield tag="505" ind1=" " ind2=" ">
    <subfield code="a">Composici&#xF3;n y proceso de la cadena de suministro en la seguridad alimentaria -- Mercado mundial de alimentos y la situaci&#xF3;n de seguridad alimentaria en Am&#xE9;rica Latina, El Caribe y La Rep&#xFA;blica Dominicana -- Incidencia de la cadena de suministro en la seguridad alimentaria en el Distrito Nacional.</subfield>
  </datafield>
  <datafield tag="700" ind1="1" ind2=" ">
    <subfield code="a">Lara Ma&#xF1;&#xF3;n, Henry</subfield>
    <subfield code="e">sustentante</subfield>
  </datafield>
  <datafield tag="700" ind1="1" ind2=" ">
    <subfield code="a">Gonz&#xE1;lez Tejera, Manuel E.</subfield>
    <subfield code="e">asesor de contenido</subfield>
  </datafield>
  <datafield tag="700" ind1="1" ind2=" ">
    <subfield code="a">M&#xE9;ndez Medina, Domingo</subfield>
    <subfield code="e">asesor metodol&#xF3;gico</subfield>
  </datafield>
  <datafield tag="830" ind1=" " ind2=" ">
    <subfield code="a">Tesis y disertaciones acad&#xE9;micas (Universidad Nacional para la Defensa "General Juan Pablo Duarte y D&#xED;ez). Escuela de Graduados de Altos Estudios Estrat&#xE9;gicos.</subfield>
    <subfield code="9">20</subfield>
  </datafield>
  <datafield tag="942" ind1=" " ind2=" ">
    <subfield code="2">CL</subfield>
    <subfield code="c">T</subfield>
  </datafield>
  <datafield tag="999" ind1=" " ind2=" ">
    <subfield code="c">8280</subfield>
    <subfield code="d">8280</subfield>
  </datafield>
  <datafield tag="952" ind1=" " ind2=" ">
    <subfield code="0">0</subfield>
    <subfield code="1">0</subfield>
    <subfield code="2">CL</subfield>
    <subfield code="4">0</subfield>
    <subfield code="7">0</subfield>
    <subfield code="8">TG</subfield>
    <subfield code="a">BJHA</subfield>
    <subfield code="b">BJHA</subfield>
    <subfield code="c">GEN</subfield>
    <subfield code="d">2025-06-18</subfield>
    <subfield code="i">24-02396</subfield>
    <subfield code="l">0</subfield>
    <subfield code="o">TG EGAEE 02396 2024</subfield>
    <subfield code="p">24-02396</subfield>
    <subfield code="r">2025-06-18 19:44:53</subfield>
    <subfield code="t">1</subfield>
    <subfield code="w">2025-06-18</subfield>
    <subfield code="y">T</subfield>
  </datafield>
</record>
